Diversity and seasonal variability of beta-proteobacteria in biofilms of polluted rivers : Analysis by temperature gradient gel electrophoresis and cloning /
محفوظ في:
| المؤلف الرئيسي: | |
|---|---|
| مؤلفون آخرون: | , |
| التنسيق: | مقال |
| اللغة: | English |
| الموضوعات: | |
| الوسوم: |
إضافة وسم
لا توجد وسوم, كن أول من يضع وسما على هذه التسجيلة!
|
| Thư viện lưu trữ: | Thư viện Trường Đại học Đà Lạt |
|---|
| LEADER | 01095nam a2200337 4500 | ||
|---|---|---|---|
| 001 | DLU090092621 | ||
| 005 | ##20091201 | ||
| 040 | # | # | |a DLU |b eng |
| 041 | # | # | |a eng |
| 044 | # | # | |a us |
| 100 | # | # | |a Brummer, I. H. M. |
| 245 | # | # | |a Diversity and seasonal variability of beta-proteobacteria in biofilms of polluted rivers : Analysis by temperature gradient gel electrophoresis and cloning / |c I. H. M. Brummer, A. Felske, I. Wagner-Dobler. |
| 653 | # | # | |a Aquatic environment |
| 653 | # | # | |a Bacteria |
| 653 | # | # | |a Biodiversity |
| 653 | # | # | |a Biofilms |
| 653 | # | # | |a Gel electrophoresis |
| 653 | # | # | |a Temperature gradient |
| 653 | # | # | |a Water pollution |
| 700 | # | # | |a Felske, A. |
| 700 | # | # | |a Wagner-Dobler, I. |
| 773 | # | # | |t Applied and Environmental Microbiology |g Vol. 69, no. 8 (August 2003), p. 4463-4473 |
| 920 | # | # | |a Phòng Tạp chí -- Trung tâm Thông tin - Thư viện Trường Đại học Đà Lạt |
| 994 | # | # | |a DLU |
| 900 | # | # | |a True |
| 911 | # | # | |a Trương Bảo Trâm Anh |
| 925 | # | # | |a G |
| 926 | # | # | |a A |
| 927 | # | # | |a BB |
| 980 | # | # | |a Thư viện Trường Đại học Đà Lạt |